000 00880nam a2200277 a 4500
001 000003994
003 DO-SdBNP
005 20220927101501.0
007 ta
008 861117s1961 xxua 001 0aeng
040 _aDO-SdBNP
_bspa
_cBNPHU
082 4 _a818.303
_bT488w
_222
100 1 _aThoreau, Henry David,
_d1817-1862
_911967
245 1 0 _aWalden /
_cHenry David Thoreau; con comentarios y notas por Larzer Ziff.
260 _aNew York :
_bHolt, Rinehart and Winston,
_c1961.
300 _a332 p. ;
_c21 cm.
504 _aIncluye índice
590 _aInventariado, 2022 / DG
600 1 4 _aThoreau, Henry David,
_d1817-1862
_zMassachusetts
_911968
650 4 _aHistoria natural
_zMassachusetts
_911969
650 4 _aAutores americanos
_y19th Siglo
_xBiografía
_911970
650 4 _aSoledad
_91645
700 1 _aZiff, Larzer
_911971
910 _aDG
942 _2ddc
_cLBS1
999 _c3813
_d3813